000 00995pam a2200325 a 4500
001 4298055
003 20170411093049.0
005 20240606081036.0
008 861027s1987 moua b 001 0 eng c
010 _a 86028513
020 _a0801638488
040 _aDNLM/DLC
_cDLC
_dDLC
050 1 0 _aRT41
_b.M49 1987
060 _aWY 150 M4894
082 0 0 _a610.73
_219
245 0 0 _aMedical-surgical nursing :
_bconcepts and clinical practice /
250 _a3rd ed.
260 _aSt. Louis :
_bMosby,
_c1987.
300 _axviii, 2161 p. :
_bill. ;
_c29 cm.
504 _aIncludes bibliographies and index.
650 0 _aNursing.
650 0 _aSurgical nursing.
650 2 _aNursing Care.
650 2 _aSurgical Nursing.
700 1 _aPhipps, Wilma J.,
_d1925-
700 1 _aLong, Barbara C.,
_d1926-
700 1 _aWoods, Nancy Fugate.
906 _a7
_bcbc
_corignew
_d1
_eocip
_f19
_gy-gencatlg
942 _2lcc
_cBK
999 _c7477
_d7477